The flawless skin of ugly people / (Record no. 356426)
[ view plain ]
| 000 -LEADER | |
|---|---|
| fixed length control field | 00290nam a2200109Ia 4500 |
| 008 - FIXED-LENGTH DATA ELEMENTS--GENERAL INFORMATION | |
| fixed length control field | 180517s9999 xx 000 0 und d |
| 020 ## - INTERNATIONAL STANDARD BOOK NUMBER | |
| International Standard Book Number | 9780753512999 |
| 100 ## - MAIN ENTRY--PERSONAL NAME | |
| Personal name | Crandell, Doug |
| 245 #4 - TITLE STATEMENT | |
| Title | The flawless skin of ugly people / |
| 260 ## - PUBLICATION, DISTRIBUTION, ETC. (IMPRINT) | |
| Place of publication, distribution, etc | USA : |
| Name of publisher, distributor, etc | Virgin books |
| Date of publication, distribution, etc | 2007 |
| 300 ## - PHYSICAL DESCRIPTION | |
| Extent | 211 pages |
| Withdrawn status | Lost status | Damaged status | Home library | Current library | Shelving location | Date acquired | Source of acquisition | Total Checkouts | Full call number | Barcode | Checked out | Date last seen | Date checked out | Price effective from | Koha item type |
|---|---|---|---|---|---|---|---|---|---|---|---|---|---|---|---|
| College Library | College Library | Fiction Section | 05/17/2018 | 1 | PS 3603.R37 .C891 2007 | C21507 | 11/29/2019 | 11/22/2019 | 11/22/2019 | 05/17/2018 | Books |